Estudio de la pre factibilidad de una planta procesadora y comercializadora de vino de Guayaba, en el caso urbano de Granada, en el periodo 2017-2021
Presenta el estudio de prefactibilidad de una planta procesadora y comercializadora de vino de Guayaba, en el caso urbano de Granada en el cual se realizó un estudio de mercado para la determinación de la oferta y la demanda potencial asi como la identificación de los sectores comerciales de la r...
| Main Author: | |
|---|---|
| Other Authors: | |
| Format: | Tesis Section = Libro |
| Language: | Undetermined Spanish |
| Published: |
Managua
UNI
2017
|
| Subjects: |
| LEADER | 01243nam a2200265Ia 4500 | ||
|---|---|---|---|
| 008 | 240830s9999 xx 000 0 und d | ||
| 040 | |a BIBLIOTECA-RUPAP Mon 658.404 A167 | ||
| 041 | |a spa | ||
| 082 | |a Mon 658.404 A167 | ||
| 100 | 1 | |a Aburto López, Francis Vanessa | |
| 245 | 1 | 0 | |a Estudio de la pre factibilidad de una planta procesadora y comercializadora de vino de Guayaba, en el caso urbano de Granada, en el periodo 2017-2021 |
| 260 | |a Managua |b UNI |c 2017 | ||
| 300 | |a 117 p. :il. | ||
| 500 | |a Contiene anexos y CD | ||
| 502 | |a Tesis (Ingeniero Industrial)- UNI, 2017. | ||
| 520 | 3 | |a Presenta el estudio de prefactibilidad de una planta procesadora y comercializadora de vino de Guayaba, en el caso urbano de Granada en el cual se realizó un estudio de mercado para la determinación de la oferta y la demanda potencial asi como la identificación de los sectores comerciales de la región. | |
| 650 | 7 | |a ESTUDIO DE FACTIBILIDAD | |
| 650 | 7 | |b PLANTA PROCESADORA Y COMERCIALIZADORA DE VINO – PROYECTOS | |
| 650 | 7 | |c VINO DE GUAYABA COMERCIALIZACION | |
| 650 | 7 | |d ESTUDIO DE MERCADO | |
| 650 | 7 | |e ANALISIS FINANCIERO | |
| 700 | 1 | |a Tutor: |b Velásquez Vargas, Glenda Marcia | |
| 942 | |c BK |2 ddc | ||
| 991 | |a TESIS | ||
| 999 | |c 17308 | ||